UCD "la empresa" que creó Adolfo Suárez (Record no. 77960)

MARC details
000 -LEADER
campo de control de longitud fija 00798nam a2200265 i 4500
001 - NÚMERO DE CONTROL
campo de control 77960
003 - IDENTIFICADOR DE NÚMERO DE CONTROL
campo de control ES-MaACL
005 - FECHA Y HORA DE LA ÚLTIMA TRANSACCIÓN
campo de control 20240501063038.0
007 - CAMPO FIJO DE DESCRIPCIÓN FÍSICA--INFORMACIÓN GENERAL
campo de control de longitud fija t|
008 - DATOS DE LONGITUD FIJA--INFORMACIÓN GENERAL
campo de control de longitud fija 041116s1981 sp ||||1| spa d
017 ## - NÚMERO DE COPYRIGHT O DE DEPÓSITO LEGAL
Número de copyright o de depósito legal B 3334-1981
020 ## - NÚMERO INTERNACIONAL ESTÁNDAR DEL LIBRO
Número Internacional Estándar del Libro 84-253-1306-6
080 ## - NÚMERO DE LA CLASIFICACIÓN DECIMAL UNIVERSAL
Número de la Clasificación Decimal Universal 329(46)U.C.D.
100 0# - ENTRADA PRINCIPAL--NOMBRE DE PERSONA
Nombre de persona Figuero, Javier,
Fechas asociadas al nombre 1948-
9 (RLIN) 50774
245 10 - MENCIÓN DEL TÍTULO
Título UCD "la empresa" que creó Adolfo Suárez
Resto del título : historia, sociología y familias del suarismo /
Mención de responsabilidad, etc. Javier Figuero.
250 ## - MENCION DE EDICION
Mención de edición 1ª ed.
260 ## - PUBLICACIÓN, DISTRIBUCIÓN, ETC.
Lugar de publicación, distribución, etc. [Barcelona] :
Nombre del editor, distribuidor, etc. Grijalbo,
Fecha de publicación, distribución, etc. 1981.
300 ## - DESCRIPCIÓN FÍSICA
Extensión 303 p. ;
Dimensiones 19 cm.
490 1# - MENCIÓN DE SERIE
Mención de serie Coleccion 80
500 ## - NOTA GENERAL
Materiales especificados Indice
610 27 - PUNTO DE ACCESO ADICIONAL DE MATERIA--NOMBRE DE ENTIDAD CORPORATIVA
Nombre de entidad corporativa o nombre de jurisdicción como elemento de entrada Unión de Centro Democrático (España)
9 (RLIN) 7006
830 0# - PUNTO DE ACCESO ADICIONAL DE SERIE-TÍTULO UNIFORME
Título uniforme Coleccion 80
9 (RLIN) 183578
852 ## - LOCALIZACIÓN
Ubicación ES-MaACL
Número de control de estantería E-10408
Sublocalización o colección R.130846
Holdings
Estatus retirado Estado de pérdida Estado de daño No para préstamo Biblioteca de origen Biblioteca actual Ubicación en estantería Fecha de adquisición Fuente de adquisición Total de préstamos Signatura topográfica completa Código de barras Visto por última vez Precio de reemplazo Tipo de ítem Koha
        Biblioteca del Ateneo de Madrid Biblioteca del Ateneo de Madrid Depósito 2 17/01/2008     E-10408 1081557 23/02/2023 23/02/2023 Libro impreso